[Event "Det åbne Køge Mesterskab 2013/14"]
[Site "Asgård Skole"]
[Date "2013.11.19"]
[Round "3.1"]
[White "Smidt-Nielsen, Henrik"]
[Black "Pondal, Jesper"]
[Result "1/2-1/2"]
[WhiteElo "1953"]
[BlackElo "2031"]
[PlyCount "30"]
[EventDate "2013.11.19"]
[WhiteTeam "Køge Skakklub"]
[BlackTeam "Køge Skakklub"]
[WhiteTeamCountry "DEN"]
[BlackTeamCountry "DEN"]

1. e4 c5 2. c3 d5 3. exd5 Qxd5 4. d4 cxd4 5. cxd4 Nf6 6. Nc3 Qd8 7. Nf3 e6 8.
Be2 Be7 9. O-O O-O 10. Bg5 Nc6 11. Qd2 Nd5 12. Bxe7 Ncxe7 13. Rac1 Bd7 14. Ne5
Bc6 15. Bf3 Rc8 1/2-1/2

[Event "Det åbne Køge Mesterskab 2013/14"]
[Site "Asgård Skole"]
[Date "2013.11.19"]
[Round "3.3"]
[White "Larsen, Ulrik"]
[Black "Stuhr, Peter Sebastian"]
[Result "1-0"]
[WhiteElo "1982"]
[BlackElo "1939"]
[PlyCount "41"]
[EventDate "2013.11.19"]
[WhiteTeam "Tårnet Svendborg"]
[BlackTeam "Køge Skakklub"]
[WhiteTeamCountry "DEN"]
[BlackTeamCountry "DEN"]

1. e4 d6 2. d4 Nf6 3. Nc3 e5 4. Nf3 Nbd7 5. Bc4 Be7 6. O-O O-O 7. Re1 c6 8. a4
b6 9. Qe2 Bb7 10. dxe5 dxe5 11. Rd1 Qc7 12. Nh4 Rfd8 13. Nf5 Bf8 14. Qg4 h6 15.
Be3 Nc5 16. Qf3 Ncd7 17. Qg3 g5 18. Bxg5 hxg5 19. Qxg5+ Kh8 20. Bxf7 Nh7 21.
Qg8# 1-0

[Event "Det åbne Køge Mesterskab 2013/14"]
[Site "Asgård Skole"]
[Date "2013.11.26"]
[Round "4.2"]
[White "Stuhr, Peter Sebastian"]
[Black "Andersen, Bjarne Hjorth"]
[Result "1-0"]
[WhiteElo "1939"]
[BlackElo "2014"]
[PlyCount "29"]
[EventDate "2013.11.26"]
[WhiteTeam "Køge Skakklub"]
[BlackTeam "Køge Skakklub"]
[WhiteTeamCountry "DEN"]
[BlackTeamCountry "DEN"]

1. e4 c6 2. Nc3 d5 3. f4 dxe4 4. Nxe4 Nf6 5. Nf2 Qa5 6. Nf3 Bg4 7. Nxg4 Nxg4 8.
c3 Nd7 9. d4 O-O-O 10. Ng5 Nh6 11. Bc4 e6 12. Qe2 Bd6 13. O-O Nb6 14. Nxf7 Nxc4
15. Nxd8 1-0

[Event "Det åbne Køge Mesterskab 2013/14"]
[Site "Asgård Skole"]
[Date "2013.11.26"]
[Round "4.3"]
[White "Carlsen, Erik"]
[Black "Larsen, Ulrik"]
[Result "0-1"]
[WhiteElo "2005"]
[BlackElo "1982"]
[PlyCount "62"]
[EventDate "2013.11.26"]
[WhiteTeam "Køge Skakklub"]
[BlackTeam "Tårnet Svendborg"]
[WhiteTeamCountry "DEN"]
[BlackTeamCountry "DEN"]

1. d4 Nf6 2. c4 g6 3. Nc3 Bg7 4. e4 d6 5. Nf3 O-O 6. Be2 e5 7. h3 exd4 8. Nxd4
Re8 9. Qc2 c6 10. Be3 Nbd7 11. O-O-O Nc5 12. f3 a5 13. Nxc6 Nb3+ 14. Qxb3 bxc6
15. Bf4 a4 16. Nxa4 d5 17. cxd5 cxd5 18. Nc3 d4 19. Bc4 Be6 20. Bxe6 Rxe6 21.
Kb1 Rb6 22. Qc4 Rxb2+ 23. Kxb2 dxc3+ 24. Kc2 Qb6 25. Kd3 Nd7 26. Ke2 Qb2+ 27.
Ke1 Rxa2 28. Qxa2 Qxa2 29. Rxd7 c2 30. Rd8+ Bf8 31. Bh6 Qa5+ 0-1

[Event "Det åbne Køge Mesterskab 2013/14"]
[Site "Asgård Skole"]
[Date "2013.12.03"]
[Round "5.1"]
[White "Pedersen, Hans Dahl"]
[Black "Pondal, Jesper"]
[Result "1/2-1/2"]
[WhiteElo "2187"]
[BlackElo "2031"]
[PlyCount "100"]
[EventDate "2013.12.03"]
[WhiteTeam "Køge Skakklub"]
[BlackTeam "Køge Skakklub"]
[WhiteTeamCountry "DEN"]
[BlackTeamCountry "DEN"]

1. c4 f5 2. g3 Nf6 3. Bg2 g6 4. Nc3 Bg7 5. d3 O-O 6. e4 fxe4 7. dxe4 e5 8. Nge2
Nc6 9. O-O d6 10. h3 Be6 11. Nd5 Qd7 12. Kh2 Na5 13. b3 c6 14. Nxf6+ Bxf6 15.
Bh6 Rf7 16. Qd2 b6 17. Rad1 Rd8 18. Ng1 c5 19. Nf3 Nc6 20. Ng5 Re7 21. f4 Nd4
22. fxe5 Bxe5 23. Qf2 Qe8 24. Rd2 a5 25. Qe3 a4 26. Rdf2 Bg7 27. Bxg7 Kxg7 28.
Qc3 Kg8 29. Nf3 axb3 30. Nxd4 cxd4 31. Qxd4 bxa2 32. Rxa2 b5 33. Ra6 Bxc4 34.
Rf6 Re6 35. Ra7 Rxf6 36. Qxf6 Qf8 37. Qd4 Rb8 38. e5 dxe5 39. Bd5+ Bxd5 40.
Qxd5+ Kh8 41. Qxe5+ Kg8 42. Qe6+ Kh8 43. Qe5+ Kg8 44. Qd5+ Kh8 45. Rf7 Qh6 46.
g4 Rc8 47. g5 Rc2+ 48. Kg1 Rc1+ 49. Kh2 Rc2+ 50. Kg1 Rc1+ 1/2-1/2

[Event "Det åbne Køge Mesterskab 2013/14"]
[Site "Asgård Skole"]
[Date "2013.12.03"]
[Round "5.2"]
[White "Larsen, Ulrik"]
[Black "Smidt-Nielsen, Henrik"]
[Result "1/2-1/2"]
[WhiteElo "1982"]
[BlackElo "1953"]
[PlyCount "44"]
[EventDate "2013.12.03"]
[WhiteTeam "Tårnet Svendborg"]
[BlackTeam "Køge Skakklub"]
[WhiteTeamCountry "DEN"]
[BlackTeamCountry "DEN"]

1. e4 c5 2. Nc3 Nc6 3. g3 g6 4. Bg2 Bg7 5. d3 a6 6. f4 d6 7. Nf3 e6 8. O-O Nge7
9. Be3 O-O 10. Rb1 Nd4 11. Ne2 Nxe2+ 12. Qxe2 Qc7 13. Qf2 Bd7 14. g4 f5 15.
gxf5 exf5 16. e5 Rac8 17. Qh4 Rfe8 18. e6 Bc6 19. Ng5 h6 20. Nf7 Kh7 21. Ng5+
Kg8 22. Nf7 Kh7 1/2-1/2

[Event "Det åbne Køge Mesterskab 2013/14"]
[Site "Asgård Skole"]
[Date "2014.01.07"]
[Round "6.1"]
[White "Pondal, Jesper"]
[Black "Stuhr, Peter Sebastian"]
[Result "1/2-1/2"]
[WhiteElo "2031"]
[BlackElo "1939"]
[PlyCount "58"]
[EventDate "2014.01.07"]
[WhiteTeam "Køge Skakklub"]
[BlackTeam "Køge Skakklub"]
[WhiteTeamCountry "DEN"]
[BlackTeamCountry "DEN"]

1. d4 d6 2. c4 f5 3. Nc3 Nf6 4. Nf3 Nbd7 5. Qc2 e6 6. e4 Nxe4 7. Nxe4 fxe4 8.
Qxe4 Nf6 9. Qe2 Be7 10. g3 O-O 11. Bh3 e5 12. Bxc8 Rxc8 13. dxe5 dxe5 14. O-O
Bd6 15. c5 Bxc5 16. Qxe5 Qd5 17. Qxd5+ Nxd5 18. Ne5 Bd4 19. Nd3 Rce8 20. Kg2
Re2 21. Rb1 c5 22. a3 c4 23. Nf4 Nxf4+ 24. gxf4 Rfe8 25. Kf3 Rc2 26. Be3 Bxb2
27. Bxa7 Rc3+ 28. Be3 Rb3 29. Rg1 c3 1/2-1/2

[Event "Det åbne Køge Mesterskab 2013/14"]
[Site "Asgård Skole"]
[Date "2014.01.07"]
[Round "6.4"]
[White "Pedersen, Hans Dahl"]
[Black "Larsen, Ulrik"]
[Result "1/2-1/2"]
[WhiteElo "2187"]
[BlackElo "1982"]
[PlyCount "61"]
[EventDate "2014.01.07"]
[WhiteTeam "Køge Skakklub"]
[BlackTeam "Tårnet Svendborg"]
[WhiteTeamCountry "DEN"]
[BlackTeamCountry "DEN"]

1. c4 e6 2. Nf3 d5 3. d4 c5 4. cxd5 exd5 5. g3 Nf6 6. Bg2 Be7 7. O-O O-O 8. Nc3
Nc6 9. dxc5 d4 10. Na4 Bf5 11. Bf4 Be4 12. Rc1 Re8 13. Bd6 Bxd6 14. cxd6 Qxd6
15. Nc5 Rab8 16. Nxe4 Nxe4 17. Rc4 Rbd8 18. Qc1 Qf6 19. Nd2 Nxd2 20. Qxd2 Ne5
21. Rc7 d3 22. exd3 Nf3+ 23. Bxf3 Qxf3 24. d4 Re2 25. Qc3 Qf5 26. Rxb7 h5 27.
h4 Rde8 28. Qc5 Qf3 29. Rb3 R8e3 30. Rxe3 Rxe3 31. Qc8+ 1/2-1/2

[Event "Det åbne Køge Mesterskab 2013/14"]
[Site "Asgård Skole"]
[Date "2013.11.26"]
[Round "4.4"]
[White "Smidt-Nielsen, Henrik"]
[Black "Pedersen, Hans Dahl"]
[Result "1/2-1/2"]
[WhiteElo "1953"]
[BlackElo "2187"]
[PlyCount "76"]
[EventDate "2013.11.26"]
[WhiteTeam "Køge Skakklub"]
[BlackTeam "Køge Skakklub"]
[WhiteTeamCountry "DEN"]
[BlackTeamCountry "DEN"]

1. d4 f5 2. c4 Nf6 3. g3 e6 4. Bg2 d5 5. Nf3 c6 6. b3 Bb4+ 7. Bd2 Bd6 8. O-O
Nbd7 9. Bf4 Bxf4 10. gxf4 O-O 11. e3 Ne4 12. Nbd2 Ndf6 13. Ne5 Bd7 14. f3 Nd6
15. c5 Nf7 16. Qc2 Nh5 17. Rf2 Be8 18. Nf1 Kh8 19. Ng3 Qh4 20. Nxh5 Qxh5 21.
Kh1 Rg8 22. Rg1 g5 23. Bf1 Nxe5 24. dxe5 gxf4 25. Rxg8+ Kxg8 26. exf4 Kh8 27.
Qc1 Bf7 28. Qe3 Rd8 29. Rd2 Qh4 30. a3 Bh5 31. Rf2 Rd7 32. b4 d4 33. Qd2 d3 34.
Bxd3 Qd8 35. Qa2 Rxd3 36. Qxe6 Bxf3+ 37. Kg1 Rd1+ 38. Rf1 Qd4# 1/2-1/2

[Event "Det åbne Køge Mesterskab 2013/14"]
[Site "Asgård Skole"]
[Date "2013.12.03"]
[Round "5.1"]
[White "Vesterskov, Michael"]
[Black "Krogh, Peter Ove"]
[Result "0-1"]
[WhiteElo "1799"]
[BlackElo "1873"]
[PlyCount "60"]
[EventDate "2013.12.03"]
[WhiteTeam "Køge Skakklub"]
[BlackTeam "Køge Skakklub"]
[WhiteTeamCountry "DEN"]
[BlackTeamCountry "DEN"]

1. d4 Nf6 2. Nf3 b6 3. c4 e6 4. g3 Bb4+ 5. Bd2 Be7 6. Bg2 Bb7 7. O-O d6 8. Nc3
Nbd7 9. Re1 O-O 10. e4 c5 11. d5 e5 12. Nh4 g6 13. Bh6 Re8 14. f4 Bf8 15. Bxf8
Rxf8 16. Qd2 Ne8 17. Rf1 Ng7 18. Rae1 exf4 19. Rxf4 g5 20. Rg4 gxh4 21. Rf1 Ne5
22. Rxh4 Ng6 23. Rh3 Bc8 24. Rh6 Qe7 25. e5 Qxe5 26. Ne4 f6 27. Qf2 Bf5 28. Nc3
Rae8 29. Kh1 Qe3 30. Nb5 Qxh6 0-1

[Event "Det åbne Køge Mesterskab 2013/14"]
[Site "Asgård Skole"]
[Date "2013.12.03"]
[Round "5.3"]
[White "Pawlak, Wojciech Zbigniew"]
[Black "Stuhr, Finn"]
[Result "1/2-1/2"]
[WhiteElo "1681"]
[BlackElo "1726"]
[PlyCount "83"]
[EventDate "2013.12.03"]
[WhiteTeam "Næstved Skakklub"]
[BlackTeam "Køge Skakklub"]
[WhiteTeamCountry "DEN"]
[BlackTeamCountry "DEN"]

1. c4 g6 2. g3 Bg7 3. Bg2 e6 4. Nc3 Ne7 5. Nf3 O-O 6. O-O b6 7. d4 Re8 8. Bf4
d6 9. Qb3 Bb7 10. c5 d5 11. Nb5 Na6 12. Rac1 Nf5 13. cxb6 cxb6 14. g4 Nxd4 15.
Nfxd4 e5 16. Bxe5 Bxe5 17. Nc6 Bxc6 18. Rxc6 Re7 19. Bxd5 Nc5 20. Qf3 Bxb2 21.
Rxg6+ hxg6 22. Bxa8 a6 23. Rb1 Na4 24. Na3 Bxa3 25. Qxa3 b5 26. Bf3 Rc7 27. e3
Qf6 28. Kg2 Nc3 29. Rc1 Rc4 30. h3 b4 31. Qa5 Qd6 32. Bb7 Qd2 33. Qxa6 Rxg4+
34. hxg4 Qxc1 35. Qc4 Qb2 36. Bd5 Nd1 37. Qf4 Qg7 38. Qxb4 Qf6 39. Qb8+ Kg7 40.
Qf4 Qe7 41. a4 Nc3 42. Qd4+ 1/2-1/2

[Event "Det åbne Køge Mesterskab 2013/14"]
[Site "Asgård Skole"]
[Date "2013.12.03"]
[Round "5.5"]
[White "Schougaard, Ivan"]
[Black "Christensen, Verner"]
[Result "1/2-1/2"]
[WhiteElo "1717"]
[BlackElo "1882"]
[PlyCount "70"]
[EventDate "2013.12.03"]
[WhiteTeam "Køge Skakklub"]
[BlackTeam "Solrød Skakklub"]
[WhiteTeamCountry "DEN"]
[BlackTeamCountry "DEN"]

1. e4 e5 2. Nf3 Nc6 3. d4 exd4 4. Nxd4 Bc5 5. Nxc6 Qf6 6. Qe2 dxc6 7. c3 Bd7 8.
Be3 Bxe3 9. Qxe3 Nh6 10. h3 O-O 11. Bd3 Rfe8 12. O-O Qh4 13. Qg3 Qd8 14. f4 f5
15. e5 Be6 16. Rd1 Qe7 17. Be2 Red8 18. Nd2 Qc5+ 19. Kh2 Qe7 20. Nf3 c5 21. Ng5
Bd5 22. Bf3 c6 23. Re1 Nf7 24. Bxd5 Rxd5 25. Nxf7 Qxf7 26. e6 Qe7 27. Re2 Re8
28. Rae1 Qd6 29. e7 Kf7 30. Re6 Qxe6 31. Rxe6 Kxe6 32. Qxg7 Rxe7 33. Qg8+ Kf6
34. Qf8+ Rf7 35. Qh6+ Ke7 1/2-1/2

[Event "Det åbne Køge Mesterskab 2013/14"]
[Site "Asgård Skole"]
[Date "2014.01.07"]
[Round "6.2"]
[White "Vesterskov, Michael"]
[Black "Pawlak, Wojciech Zbigniew"]
[Result "1/2-1/2"]
[WhiteElo "1799"]
[BlackElo "1681"]
[PlyCount "103"]
[EventDate "2014.01.07"]
[WhiteTeam "Køge Skakklub"]
[BlackTeam "Næstved Skakklub"]
[WhiteTeamCountry "DEN"]
[BlackTeamCountry "DEN"]

1. d4 Nf6 2. Nf3 g6 3. c4 d5 4. e3 Bg7 5. Nc3 O-O 6. Bd3 Na6 7. a3 c5 8. dxc5
Nxc5 9. Be2 dxc4 10. Bxc4 Qxd1+ 11. Nxd1 Bg4 12. b4 Na4 13. Bb3 Ne4 14. Ra2
Rac8 15. Rc2 b5 16. Nd4 Bxd1 17. Kxd1 Rxc2 18. Kxc2 Rc8+ 19. Kb1 Nec3+ 20. Ka1
Ne2 21. Bxa4 Nxd4 22. exd4 Bxd4+ 23. Bb2 Bxb2+ 24. Kxb2 bxa4 25. Rd1 Rc7 26.
Rd5 f5 27. f4 Kf7 28. g3 Ke6 29. Re5+ Kd6 30. Ra5 e6 31. Rxa4 h6 32. Ra6+ Kd5
33. h4 g5 34. Kb3 gxf4 35. gxf4 Rc4 36. Ra5+ Kd4 37. Rxa7 Rc3+ 38. Ka4 Rh3 39.
Rc7 Rxh4 40. b5 Kd5 41. b6 Rxf4+ 42. Ka5 Rf1 43. Rd7+ Ke4 44. a4 Rb1 45. Ka6
Rb4 46. a5 f4 47. b7 f3 48. Ka7 Rb5 49. b8=Q Rxb8 50. Kxb8 f2 51. Rf7 Ke3 52.
a6 1/2-1/2

[Event "Det åbne Køge Mesterskab 2013/14"]
[Site "Asgård Skole"]
[Date "2014.01.07"]
[Round "6.3"]
[White "Christensen, Peter"]
[Black "Hald, Morten Hansen"]
[Result "0-1"]
[WhiteElo "1735"]
[BlackElo "1793"]
[PlyCount "56"]
[EventDate "2014.01.07"]
[WhiteTeam "Køge Skakklub"]
[BlackTeam "Køge Skakklub"]
[WhiteTeamCountry "DEN"]
[BlackTeamCountry "DEN"]

1. d4 d5 2. c4 e5 3. dxe5 d4 4. a3 Nc6 5. Nf3 Bg4 6. Nbd2 Qe7 7. Qb3 O-O-O 8.
h3 Bxf3 9. Nxf3 Nxe5 10. Nxe5 Qxe5 11. Qd3 Be7 12. g3 h5 13. Bg2 f5 14. Bf4
Qa5+ 15. Bd2 Qe5 16. Qb3 c6 17. Bf4 Qe6 18. Qd3 g5 19. Bd2 h4 20. g4 fxg4 21.
hxg4 Nh6 22. Bb4 Rhf8 23. Bxe7 Qxe7 24. Bh3 Qf6 25. O-O Qf4 26. Qg6 Rf6 27. Qd3
Nxg4 28. Qf3 Qh2# 0-1

[Event "Det åbne Køge Mesterskab 2013/14"]
[Site "Asgård Skole"]
[Date "2014.01.07"]
[Round "6.4"]
[White "Christensen, Verner"]
[Black "Stuhr, Finn"]
[Result "0-1"]
[WhiteElo "1882"]
[BlackElo "1726"]
[PlyCount "64"]
[EventDate "2014.01.07"]
[WhiteTeam "Solrød Skakklub"]
[BlackTeam "Køge Skakklub"]
[WhiteTeamCountry "DEN"]
[BlackTeamCountry "DEN"]

1. e4 e5 2. f4 exf4 3. Nf3 d5 4. exd5 Qxd5 5. Nc3 Qh5 6. d4 Bd6 7. Bc4 Bg4 8.
O-O Nc6 9. Nb5 O-O-O 10. Nxd6+ Rxd6 11. c3 Qf5 12. Bd3 Qf6 13. b4 Nge7 14. b5
Nxd4 15. cxd4 Bxf3 16. Qxf3 Qxd4+ 17. Kh1 Qxd3 18. Qxd3 Rxd3 19. Bxf4 Rhd8 20.
Rac1 R8d7 21. Rfe1 Nd5 22. Bg3 Kd8 23. Bf2 b6 24. Rc4 Ra3 25. Rce4 Kc8 26. Re8+
Rd8 27. Rxd8+ Kxd8 28. Rd1 Rxa2 29. Rxd5+ Kc8 30. Be3 Ra5 31. Bd4 f6 32. Kg1 c5
0-1

[Event "Det åbne Køge Mesterskab 2013/14"]
[Site "Asgård Skole"]
[Date "2014.01.07"]
[Round "6.7"]
[White "Henriksen, Karl Hildebrandt"]
[Black "Orup, Kim Amdi"]
[Result "0-1"]
[WhiteElo "1533"]
[BlackElo "1670"]
[PlyCount "86"]
[EventDate "2014.01.07"]
[WhiteTeam "Køge Skakklub"]
[BlackTeam "Solrød Skakklub"]
[WhiteTeamCountry "DEN"]
[BlackTeamCountry "DEN"]

1. c4 f5 2. Nc3 Nf6 3. g3 g6 4. Bg2 c6 5. d4 d6 6. Nf3 Bg7 7. O-O O-O 8. Qc2
Re8 9. Bg5 Nbd7 10. Qd2 Nf8 11. Rad1 Bd7 12. Rfe1 Qc8 13. e4 fxe4 14. Nxe4 Nxe4
15. Rxe4 Bf5 16. Rxe7 Rxe7 17. Bxe7 Qe6 18. Bxf8 Rxf8 19. d5 cxd5 20. Qxd5 Qxd5
21. cxd5 Bxb2 22. Nd4 Bd7 23. Ne6 Rc8 24. Ng5 b6 25. Bh3 Bxh3 26. Nxh3 Rc2 27.
Rd3 Bc1 28. a4 Rc4 29. a5 b5 30. a6 b4 31. Rb3 Rd4 32. Kg2 Bd2 33. Nf4 Bxf4 34.
gxf4 Rxf4 35. Kg3 Rd4 36. f4 Kf7 37. Kf3 Rc4 38. Kg4 Kf6 39. Re3 h5+ 40. Kf3
Rc3 41. Rxc3 bxc3 42. Ke3 Kf5 43. Kd3 c2 0-1